| 000 | 00784nam a2200217Ia 4500 | ||
|---|---|---|---|
| 008 | 0000002000 mX a 0000000000spa00 | ||
| 090 | _aPPY00 F71f | ||
| 100 | 1 |
_aFracchia, Luis _d1959 |
|
| 245 | 1 | 0 |
_aFracchia _b: cuerpo, natura _c/ fotografías Francisco Kochen |
| 264 | _aMéxico : Galería Oscar Roman | ||
| 300 |
_a26 p. _c/ 22 cm. |
||
| 500 | _aExposición realizada en Galería Oscar Román, México, 1999 \ Con el patronazgo del maestro venezolano Jesús Rafael Soto (q.e.p.d.) | ||
| 600 | 0 | 0 |
_aFRACCHIA, LUIS, 1959/ _xTRABAJOS PICTORICOS |
| 650 | 1 | 4 | _aARTE CONTEMPORANEO PARAGUAYO |
| 650 | 1 | 4 | _xCATALOGOS |
| 650 | 1 | 4 | _xEXPOSICIONES |
| 650 | 1 | 4 | _aPINTORES PARAGUAYOS |
| 650 | 1 | 4 | _aPINTURA PARAGUAYA |
| 700 | 1 | _aKochen, Francisco | |
| 999 |
_c2733 _d2733 |
||
| 260 | _c2000 | ||